Responses for show #8213 - Wednesday, April 29, 2020

Sarah Jett Rayburn game 4.

Contestants

[<< previous game]

Anastasia Plakas, an investigator from Flushing, New York

Alwin Hui, a consultant from Washington, D.C.

Sarah Jett Rayburn, a writer and stay-at-home mom from Hutto, Texas (whose 3-day cash winnings total $54,900)

[next game >>]

Jeopardy! Round responses

BILLBOARD MUSIC AWARDS
WE'D LIKE TO MAKE A CORRECTION
SPINELESS JELLYFISH
WELL-SEASONED VOCABULARY
WRITERS' MIDDLE NAMES
4-LETTER WORDS WITH 3 VOWELS
    $200 10
Kelly Clarkson

Anastasia
    $200 13
drums

Alwin
    $200 8
curry

Triple Stumper
    $200 1
May

Alwin
    $200 16
(Alwin: What is... to leak? Never mind.)

ooze

SarahAlwin
    $400 11
Drake

Anastasia
    $400 15
carbon dioxide

Triple Stumper
    $400 28
[The end-of-round signal sounds.]

a turtle

Alwin
    $400 24
(Alex: Less than a minute now.)

to pepper

Alwin
    $400 4
Butler

Anastasia
    $400 17
airy

Sarah
    $600 12
One Direction

Sarah
    $600 27
algae

Alwin
    $600 23
a cinnamon bear

Triple Stumper
    $600 7
Frank

Anastasia
    $600 2
aura

Alwin
    $800 14
(Alwin: Who is Ariana Grande?)

Janet Jackson

SarahAlwin
    $800 3
Italian

Sarah
    $800 26
the Mariana Trench

Alwin
    $800 20
caper

Anastasia
    $1,000 5
Scott

Anastasia
    $800 18
iota

Alwin
    $1000 21
Imagine Dragons

Anastasia
    $1000 22
[Alex corrects Anastasia's pronunciation of the first name from "EV"elyn to "EE"velyn.]

Evelyn Waugh

Anastasia
    $1000 25
the lion's mane

Triple Stumper
    $1000 9
the saltbox style

Triple Stumper
    $1000 6
Madox

Anastasia
    $1000 19
(Sarah: What is a foil?)

an epee

SarahAnastasia

Scores at the first commercial break (after clue 15):

Sarah Alwin Anastasia
$2,200 $200 $3,600

Scores at the end of the Jeopardy! Round:

Sarah Alwin Anastasia
$1,800 $3,000 $7,400

Double Jeopardy! Round responses

THERE SHE IS, MYTH GREECE
LAYING THINGS N TO N
PREQUELS
1917
THE GOLD BURGS
I'M JUST WILD ABOUT HARRY
    $400 1
Aphrodite

Anastasia
    $400 18
nonaggression

Anastasia
    $400 12
black-ish

Anastasia
    $400 6
tanks

Anastasia
    $400 26
Johannesburg

Triple Stumper
    $400 27
(Alwin: What is the Marshall Plan?)
...
(Sarah: Uh, HARRY, $1,600--I mean HARRY, $1,200--Harry $2,000.)
[Laughter]
(Sarah: Sorry.)
(Alex: Okay, I'm glad you finally made up your mind.)

the New Deal

SarahAlwin
    $800 2
Athena

Anastasia
    $800 19
navigation

Sarah
    $800 13
Better Call Saul

Alwin
    $800 11
the White Sox

Anastasia
    $800 25
(Alex: Less than a minute.)

a ghost town

Alwin
    $800 30
the Philosopher's Stone

Anastasia
    $1200 3
Helen of Troy

Sarah
    $1200 20
a Napoleon

Sarah
    $1200 15
Jim Henson

Sarah
    $1200 9
"Over There"

Sarah
    $3,800 24
El Dorado

Alwin
    $1200 7
Harry Reid

Alwin
    $2,000 4
Persephone

Sarah
    $1600 14
a nonagon

Sarah
    $1600 16
Battlestar Galactica

Anastasia
    $1600 8
the West Indies

Alwin
    $1600 23
Denver

Alwin
    $1600 29
Harry Dean Stanton

Triple Stumper
    $2000 5
(Anastasia: Who is Electra?)

Antigone

SarahAnastasia
    $2000 21
a neurotoxin

Alwin
    $2000 17
Bumblebee

Sarah
    $2000 10
the Balfour Declaration

Triple Stumper
    $2000 22
Fairbanks

Alwin
    $2000 28
Harry Winston

Sarah

Scores at the end of the Double Jeopardy! Round:

Sarah Alwin Anastasia
$17,400 $16,400 $11,000

[wagering suggestions for these scores]

Final Jeopardy! Round responses

19th CENTURY NOVELS
(Alex: I'm sure if we had given you the opening lines, you'd have gotten it just like that.)
AnastasiaWhat is "A Tale of Two Cities"? (Love you Leo, Elle Ted & Lulu) [nieces and nephews]
$11,000
AlwinWhat is the Time Machine?
$5,601
SarahWhat is A Tale of Two Cities?
$17,000
A Tale of Two Cities

Final scores:

Sarah Alwin Anastasia
$34,400 $10,799 $22,000
4-day champion: $89,300 3rd place: $1,000 2nd place: $2,000

Game dynamics:

Coryat scores:

Sarah Alwin Anastasia
$17,000 $13,800 $10,800
16 R
(including 1 DD),
1 W
16 R
(including 1 DD),
3 W
18 R
(including 1 DD),
1 W

Combined Coryat: $41,600

The J! Archive is created by fans, for fans. The Jeopardy! game show and all elements thereof, including but not limited to copyright and trademark thereto, are the property of Jeopardy Productions, Inc. and are protected under law. This website is not affiliated with, sponsored by, or operated by Jeopardy Productions, Inc. Join the discussion at JBoard.tv.